000
00266nam a2200109Ia 4500
008
230907s9999||||xx |||||||||||||| ||und||
082
_a
620.0042
_b
DYM
100
_a
Dym, Clive L.
_9
42677
245
0
_a
Engineering design :
300
_a
xvi, 320 pages :
942
_c
BK
999
_c
600954
_d
600954